[Event "Brussels"]
[Site "Brussels"]
[Date "1987.04.24"]
[Round "11"]
[White "Short, Nigel D"]
[Black "Larsen, Bent"]
[Result "0-1"]
[WhiteElo "2615"]
[BlackElo "2565"]
[Annotator "Larsen,B"]
[PlyCount "148"]
[EventDate "1987.04.10"]
[EventType "tourn"]
[EventRounds "11"]
[EventCountry "BEL"]
[EventCategory "14"]
[SourceTitle "CBM 002"]
[Source "ChessBase"]
[SourceDate "1988.02.01"]
[SourceVersion "1"]
[SourceVersionDate "1988.02.01"]
[SourceQuality "1"]

1. e4 c5 2. Nf3 Nc6 3. d4 cxd4 4. Nxd4 g6 5. c4 Bg7 6. Be3 Nf6 7. Nc3 Ng4 8.
Qxg4 Nxd4 9. Qd1 Ne6 10. Rc1 Qa5 (10... O-O) 11. Be2 b6 (11... Bxc3+ $6 12.
Rxc3 Qxa2 13. Qc1 $44) 12. O-O Bb7 13. f3 g5 14. a3 (14. Rf2 {[%cal Ye2f1,
Yf2d2]}) 14... Qe5 15. Qd2 h5 16. Rfd1 d6 17. b4 h4 18. Nd5 Kf8 19. Bf1 Bc6 20.
Qd3 Nf4 21. Nxf4 $2 (21. Qd2 $1) 21... gxf4 22. Bd4 Qxd4+ 23. Qxd4 Bxd4+ 24.
Rxd4 Rh5 (24... f6 $142) 25. c5 $5 dxc5 26. bxc5 b5 27. e5 h3 $1 28. Re1 hxg2
29. Bxg2 Rc8 30. Rxf4 Bd5 31. e6 f6 $17 32. h4 Rxc5 33. Bh3 Bc6 34. Kf2 Rhd5
35. Re3 f5 (35... a5) 36. h5 Kg7 37. h6+ Kxh6 38. Rh4+ Kg7 39. f4 Rc2+ $4 (
39... Be8 $1) 40. Ke1 Rc1+ 41. Ke2 Be8 42. Rg3+ Bg6 43. Rh5 $4 (43. Bxf5 $1
Rxf5 44. Rhg4 $11) 43... Rc2+ 44. Ke1 Rc3 45. Rxc3 Bxh5 46. Rc7 Kf6 47. Rxa7
Rd4 48. Bxf5 $5 Kxf5 49. Rxe7 Rd5 50. a4 bxa4 51. Ra7 Rd4 52. Ra5+ Kg4 53. e7
Be8 54. f5 Kg5 55. Ra8 Re4+ 56. Kd2 Rxe7 57. Kc3 Kxf5 58. Kb2 Ke4 59. Rd8 Bd7
60. Rb8 Kd4 61. Rb7 Re2+ 62. Ka3 Re3+ 63. Kb2 a3+ 64. Ka1 Be6 65. Rb1 Kc3 66.
Rc1+ Kb4 67. Rb1+ Bb3 68. Rc1 Re2 69. Rg1 Rd2 70. Rg4+ Bc4 71. Rg1 Bd3 72. Rc1
Bc2 (72... Kb3 $2 73. Rc3+ $11) (72... Ka4 $1 {cf. Capablanca-Tarrasch / St.
Petersburg 1914}) 73. Ka2 Be4+ 74. Ka1 Bd3 $22 0-1

[Event "Dortmund SuperGM 34th"]
[Site "Dortmund"]
[Date "2006.08.04"]
[Round "5"]
[White "Gelfand, Boris"]
[Black "Jobava, Baadur"]
[Result "1-0"]
[WhiteElo "2729"]
[BlackElo "2651"]
[Annotator "Mueller,Karsten"]
[PlyCount "225"]
[EventDate "2006.07.29"]
[EventType "tourn"]
[EventRounds "7"]
[EventCountry "GER"]
[EventCategory "19"]
[SourceTitle "CBM 114"]
[Source "ChessBase"]
[SourceDate "2006.10.02"]
[SourceVersion "1"]
[SourceVersionDate "2006.10.02"]
[SourceQuality "1"]

1. Nf3 c5 2. c4 Nc6 3. d4 cxd4 4. Nxd4 g6 5. e4 Bg7 6. Be3 Nf6 7. Nc3 Ng4 8.
Qxg4 Nxd4 9. Qd1 Ne6 10. Rc1 Qa5 11. Be2 b6 12. Qd5 Rb8 13. Qxa5 bxa5 14. b3
Bd4 15. Bd2 d6 16. O-O Bc5 17. Na4 Ba3 18. Rb1 Bb7 19. f3 Bc6 20. Bxa5 Bxa4 21.
bxa4 Kd7 22. Rfd1 Nc5 23. Bc3 Rhc8 24. a5 Na4 25. Be1 Nb2 26. Rdc1 Bb4 27. Bf2
Bxa5 28. c5 dxc5 29. Rxc5 Rxc5 30. Bxc5 Bc3 31. a4 Ke6 32. Bb5 Kf6 33. Rc1 a6
34. Rxc3 axb5 35. a5 Ke6 36. Rb3 Na4 37. Be3 Kd7 38. a6 Ra8 39. Rxb5 Rxa6 40.
Bd4 Rd6 41. Rb7+ Kd8 42. Rb4 Ra6 43. Kf2 Kc7 44. Ke3 Nb6 45. Bxb6+ Rxb6 46.
Rxb6 Kxb6 47. Kd4 Kc6 48. Ke5 Kd7 49. f4 Ke8 50. h4 h5 $2 {This gives White
points to attack. Dies gibt Weiß Aufrollpunkte. Schwarz musste mit} ({Black
had to hold his ground with} 50... Kd7 {e.g. still halten, z.B.} 51. Kd5 f6 52.
e5 e6+ 53. Kc5 fxe5 54. fxe5 Kc7 55. g4 h6 $11) 51. f5 $18 f6+ 52. Ke6 gxf5 (
52... g5 53. hxg5 fxg5 54. e5 g4 55. Kd5 Kf7 56. Ke4 e6 57. f6 Kg6 58. Kf4 Kh6
59. f7 Kg7 60. Kg5 g3 61. Kxh5 Kxf7 62. Kh6 $18) 53. e5 $1 fxe5 54. Kxe5 Kd7
55. Kxf5 Kd6 56. Kg5 Ke5 57. Kxh5 Kf4 58. Kg6 e5 59. h5 e4 60. h6 e3 61. h7 e2
62. h8=Q e1=Q 63. Qb8+ Kg4 64. Qc8+ Kg3 65. Qh3+ Kf4 66. Qf5+ Kg3 67. Qh3+ Kf4
68. Qf3+ Ke5 69. g4 Kd4 70. g5 Qe8+ 71. Kg7 Qe7+ 72. Kh6 Kc4 73. Qf4+ Kb5 74.
g6 Qe6 75. Kg5 Qe7+ 76. Kg4 Qg7 77. Qd6 Ka4 78. Kf5 Qc3 79. Qe5 Qh3+ 80. Kg5
Qg2+ 81. Kf5 Qh3+ 82. Kf6 Qf3+ 83. Qf5 Qc3+ 84. Kg5 $2 (84. Qe5 $18) 84... Ka3
85. Qf8+ Ka4 $2 (85... Ka2 {[%csl Ga1,Ga2,Gb1,Gb2] would have reached the
drawing zone. hätte die Remiszone erreicht.}) (85... Kb2 $2 86. Qf6 $18) 86.
Qa8+ $2 ({The surprising Das überraschende} 86. Kg4 {is the only winning move,
since after ist der einzige Gewinnzug, weil nach} Qc2 87. Qd6 Qg2+ 88. Qg3 {
[%csl Ga1,Ga2,Gb1,Gb2][%cal Gg3a3] the way to the safety of the south-west
corner is blocked off and can be freed up later in such a favourable way that
the situation reached is an exception: der Weg in die rettende Südwestecke
zunächst versperrt ist und so günstig wieder freigegeben werden kann, dass
eine Ausnahmesituation entsteht:} Qe2+ 89. Kg5 Qe7+ 90. Kh6 Qe6 91. Qf3 Qd6 92.
Qe3 Qc6 93. Kg5 Qd5+ 94. Kh4 Qd8+ 95. Kg3 Qd7 {and now White can open up the
way once more, because the black queen is too unfavourably posted. und nun
kann Weiß den Weg freigeben, weil die schwarze Dame zu ungünstig steht:} 96.
Qf4+ Ka3 97. Qf8+ Kb2 98. Qf6+ Kb1 99. g7 Qd3+ 100. Kh4 Qe4+ 101. Kh5 Qe2+ 102.
Kh6 Qh2+ 103. Kg6 Qg3+ 104. Qg5 Qd6+ 105. Kh7 Qh2+ 106. Qh6 Qc7 107. Qd2 Ka1
108. Qd4+ Kb1 109. Kg6 Qc2+ 110. Kg5 Qg2+ 111. Kf5 Qf3+ 112. Ke5 Qg3+ 113. Kd5
Qg5+ 114. Kc4 Qg2 115. Kc5 Qg5+ 116. Kb6 Qg6+ 117. Ka5 Qg5+ 118. Ka6 Qg3 119.
Qd1+ Kb2 120. Qe2+ Kb1 121. Qf1+ Kb2 122. Qf7 Qd3+ 123. Kb6 Qe3+ 124. Kb7 Qe4+
125. Ka7 Qe3+ 126. Ka8 Qa3+ 127. Qa7 Qb3 128. Qf2+ Ka3 129. Qf8+ Kb2 130. g8=Q
$18) 86... Kb4 87. Qb7+ Ka5 $2 (87... Ka3 {[%csl Ga1,Ga2,Gb1,Gb2] brings the
king close enough to the drawing zone, e.g. bringt den König dicht genug an
die Remiszone heran, z.B.} 88. g7 Qe5+ 89. Kg6 Qe6+ 90. Kh7 Qh3+ 91. Kg8 Qf5
92. Qf7 Qg4 93. Kf8 Qc8+ 94. Qe8 Qf5+ 95. Kg8 Kb2 $11) 88. g7 Qe5+ 89. Kg6 Qe6+
90. Kh7 Qf5+ 91. Kg8 Ka4 92. Qh1 $2 {hier steht die Dame zu dezentral.} (92.
Qa7+ Kb4 (92... Kb3 93. Qf7+ $18) 93. Qf7 Qg4 94. Qd5 Ka3 95. Kf7 Qf4+ 96. Kg6
Qg3+ 97. Kf6 Qc3+ 98. Qe5 Qf3+ 99. Kg6 Qg2+ 100. Kf7 Qf3+ 101. Qf6 Qd5+ 102.
Qe6 Qh5+ 103. Kf8 Qf3+ 104. Ke7 Qb7+ 105. Kf6 Qf3+ 106. Kg5 Qg2+ 107. Qg4 $18)
92... Qc8+ $2 {mit} (92... Ka3 {[%csl Ga1,Ga2,Gb1,Gb2] konnte Schwarz die
Remiszone noch rechtzeitig ansteuern, z.B.} 93. Kh8 Qe5 94. Qh3+ (94. Qg2 Qh5+
95. Kg8 Qe8+ $11) 94... Kb2 95. Kh7 Qe4+ 96. Kh6 Qf4+ 97. Kg6 Qe4+ 98. Qf5 Qg2+
99. Kf6 Qc6+ 100. Kg5 Qg2+ 101. Qg4 Qd5+ 102. Kh4 Qh1+ 103. Kg3 Qg1+ $11) 93.
Kh7 Qf5+ 94. Kh8 Qe5 95. Qh3 $5 {[%csl Ga1,Ga2,Gb1,Gb2][%cal Gh3a3] This cuts
the king off from the drawing zone. Dies schneidet dem König den Weg in die
Remiszone ab.} Qd4 96. Qe6 Qh4+ 97. Kg8 Qf4 98. Qd5 Ka3 99. Kh7 Qh4+ 100. Kg6
Qg3+ 101. Kf7 Qf4+ 102. Ke8 Qb8+ 103. Qd8 Qb5+ 104. Qd7 Qh5+ 105. Kf8 Qf3+ 106.
Ke7 Qe4+ 107. Qe6 Qb7+ 108. Kf6 Qf3+ 109. Kg5 Qg3+ 110. Qg4 Qe5+ 111. Kh4 Qf6+
112. Qg5 Qd4+ 113. Kh3 (113. Kh3 Qd7+ 114. Qg4 Qd3+ 115. Qg3 $18 {[%cal Gg3a3]}
) 1-0

[Event "Belgrade RAD 30"]
[Site "Belgrade"]
[Date "1977.01.29"]
[Round "12.4"]
[White "Smejkal, Jan"]
[Black "Velimirovic, Dragoljub"]
[Result "1/2-1/2"]
[WhiteElo "2575"]
[BlackElo "2525"]
[Annotator "Primel,D"]
[PlyCount "144"]
[EventDate "1977.01.15"]
[EventType "tourn"]
[EventRounds "13"]
[EventCountry "SRB"]
[EventCategory "9"]
[SourceTitle "EXT 2018"]
[Source "ChessBase"]
[SourceDate "2017.10.13"]
[SourceVersion "1"]
[SourceVersionDate "2017.10.13"]
[SourceQuality "1"]
[TimeControl "40/9000:16/5400:0"]

1. c4 c5 2. Nf3 g6 3. d4 Bg7 4. e4 cxd4 5. Nxd4 Nc6 6. Be3 Nf6 7. Nc3 Ng4 8.
Qxg4 Nxd4 9. Qd1 Ne6 (9... e5 {L'alternative} 10. Nb5 O-O 11. Qd2) 10. Rc1 O-O
11. Be2 b6 (11... a6 12. O-O d6 13. Qd2 Bd7 14. Bh6 b5 15. Bxg7 Nxg7 16. Qh6
Kh8 17. Qe3 f5 18. Nd5 Be6 19. cxb5 Bxd5 20. exd5 axb5 21. Bxb5 Rxa2 22. b4 f4
23. Qc3 Qb6 24. Bd3 f3 25. g3 Qb7 26. Be4 Ra4 27. Rb1 Rb8 28. Qxf3 Rxb4 29.
Rxb4 Qxb4 30. Rb1 Qxb1+ 31. Bxb1 Rxb1+ 32. Kg2 Kg8 33. Qe4 Rb7 34. g4 e5 35. h4
Rf7 36. Qa4 Kf8 {1/2-1/2 (36) Bravo Sedamanos,H-Tosan Pereira,F Buenos Aires
1975}) 12. b4 $146 {[%csl Gc5]} (12. O-O Bb7 13. f3 f5 14. exf5 gxf5 15. Qd2 f4
16. Bf2 d6 17. Nd5 Be5 18. Rfe1 Rf7 19. b4 Rc8 20. Bd1 Kh8 21. Kh1 Rg7 22. Ba4
Bc6 23. Bxc6 Rxc6 24. b5 Rc8 25. Nb4 Qg8 26. Nc6 Rxc6 27. bxc6 Qe8 28. c5 Qg6
29. Bg1 bxc5 30. Bxc5 Nxc5 31. c7 Rg8 32. Rxe5 dxe5 33. Rxc5 Qa6 34. h3 Qc8 35.
Qc3 Rg6 36. Qxe5+ Kg8 37. Qxe7 {1-0 (37) Khavsky,S-Pogats,J Budapest 1961})
12... Bb7 13. Nd5 Nc7 14. O-O Nxd5 15. cxd5 f5 16. Qb3 (16. f3 fxe4 17. fxe4)
16... Kh8 17. exf5 Rxf5 18. Rfd1 $14 Qg8 19. d6 Qxb3 20. axb3 exd6 21. Rc7 Bc6
22. g4 Rd5 23. Rxd5 Bxd5 24. Rxd7 Bf8 25. b5 Be6 (25... Bxb3) 26. Bd4+ Kg8 27.
Bf3 d5 28. Bxd5 Bxd5 29. Rxd5 Rc8 30. Kg2 $16 {[%csl Ra7,Gb5,Rc6] Malgré les
P doublés, la finale est meilleure pour les Blancs car le P"b5" est davantage
une force qu'une faiblesse} (30. Rd7) 30... Rc7 31. Be5 Rc2 32. Rd8 Kf7 33. Ra8
Ke6 $1 {Probablement la meilleure solution pratique pour transposer en finale
de R avec un K Noir centralisé} 34. Rxf8 Kxe5 $132 {[%csl Ge5,Rg2]} 35. Rf7 h5
36. gxh5 gxh5 37. Rxa7 Rc5 $1 38. Rd7 $1 Rxb5 39. Rd3 $14 {[%cal Gd3b3,Gd3h3,
Gh3h5]} Rb4 40. Kg3 Rg4+ 41. Kf3 Rh4 {Ajournement et les Noirs ont des bonnes
chances de nulle} 42. Kg2 Rb4 43. Kf1 Rh4 44. h3 b5 45. Ke2 Rb4 46. f3 (46. Kd2
{[%cal Gd2c3]}) 46... Kf4 47. Kf2 Ke5 48. Kg3 Kf5 49. Rc3 Kg5 50. Rc5+ (50. h4+
$5 Kf5 (50... Rxh4 $4 51. Rc5+) 51. Rc5+ Kg6 $132) 50... Kg6 51. Rc6+ Kg7 (
51... Kg5 52. f4+ Kf5 53. Rc3 $11) 52. f4 Rxb3+ 53. Kh4 Rf3 54. Kg5 Rg3+ $1 (
54... Rxh3 55. Rc7+ Kf8 56. Kf6 {[%cal Gc7c8]}) 55. Kxh5 Rxh3+ 56. Kg5 Rg3+ 57.
Kf5 b4 58. Rc7+ Kg8 59. Rb7 b3 60. Kf6 Rc3 61. Rb8+ Kh7 62. f5 Rc6+ 63. Kf7
Rc7+ 64. Kf8 Kh6 65. Rb6+ Kh7 66. Rxb3 Rc8+ 67. Ke7 Rc7+ 68. Kd6 Ra7 69. Re3
Kg8 70. Ke6 Kf8 71. Kf6 Rf7+ 72. Kg6 Rg7+ 1/2-1/2

[Event "Herzliya"]
[Site "Herzliya"]
[Date "1998.09.10"]
[Round "5"]
[White "Psakhis, Lev"]
[Black "Afek, Yochanan"]
[Result "1-0"]
[WhiteElo "2560"]
[BlackElo "2375"]
[Annotator "Psakhis,L"]
[PlyCount "95"]
[EventDate "1998.09.??"]
[EventType "tourn"]
[EventRounds "11"]
[EventCountry "ISR"]
[EventCategory "10"]
[SourceTitle "EXT 1999"]
[Source "ChessBase"]
[SourceDate "1998.11.16"]
[SourceVersion "1"]
[SourceVersionDate "1998.11.16"]
[SourceQuality "1"]

1. c4 c5 2. Nf3 g6 3. e4 Bg7 4. d4 cxd4 5. Nxd4 Nc6 6. Be3 Nf6 7. Nc3 Ng4 8.
Qxg4 Nxd4 9. Qd1 e5 10. Bd3 (10. Qd2 O-O 11. h4 d6 12. h5 Be6 13. hxg6 fxg6 14.
Rc1 a6 15. b3 $13 {1/2-1/2 Murey,Y-Afek,Y/Tel-Aviv 1996 (28)}) 10... O-O 11.
O-O b6 (11... d6 $5 12. Qd2 Be6 13. Rac1 (13. Rad1 a6 14. b3 Rc8 15. Ne2 Nc6
16. Bb1 b5 17. cxb5 axb5 18. Nc3 $13 {0-1 Polugaevsky,L-Piket,J/Aruba m 1994 
(31)}) 13... a6 14. b3 Rc8 15. Rfd1 Qe7 16. f3 Kh8 17. Nd5 Bxd5 18. cxd5 h5 19.
Rxc8 Rxc8 20. Rc1 Rxc1+ 21. Qxc1 Kh7 22. b4 {1/2-1/2 Dizdar,G-Smirin,I/Dresden
zt 1998}) 12. Qd2 (12. Ne2 $5 Bb7 13. Nxd4 exd4 14. Bf4 Qe7 15. Qd2 Rfe8 16.
Rfe1 Rac8 17. Rad1 Rc5 18. b3 a5 19. Bg3 $14 {1/2-1/2 Dudakov,S-Afek,Y/ISL-ch
1986 (55)}) (12. Rc1 Bb7 13. Qd2 Rc8 (13... f5 14. exf5 Qh4 15. f4 gxf5 16.
fxe5 Bxe5 17. Bf4 Bxf4 18. Qxf4 Qf6 19. Rce1 $16 {1-0 Chuchelov,V-Roobol,M/
Vlassingen op 1998 (50)}) 14. Nd5 Kh8 15. f4 exf4 16. Bxf4 d6 17. Bg5 f6 18.
Be3 $14 {0-1 Dewenter,U-Djurhuus,R/Reykjavik op 1998 (63)}) 12... Bb7 13. Rad1
(13. f4 exf4 (13... f5 14. Rad1 exf4 15. Bxf4 fxe4 16. Bxe4 Bxe4 17. Nxe4 d5
18. Bg5 Qd7 19. Nf6+ Bxf6 20. Rxf6 Ne6 21. Qxd5 Qxd5 22. Rxd5 Nxg5 23. Rxf8+
Kxf8 24. Rxg5 Rd8 25. Rb5 $16 {1/2-1/2 Shamkovich,L-Shure,G/Marshall 1992 (53)}
) 14. Bxf4 d6 15. Nd5 Bxd5 (15... Ne6 $5) 16. exd5 Be5 17. Rae1 Qc7 18. Bxe5
dxe5 19. Rf6 $1 $36 {1-0 De Vreugt,D-Afek,Y/Dieren op 1997 (39)}) 13... a6 (
13... Ne6 14. Bb1 Bc6 15. b4 Rc8 16. a3 Rc7 17. Ba2 $36 {1/2-1/2 Smyslov,
V-Bagirov,V/Leningrad 1960 (36)}) 14. b3 {N} (14. f3 Bc6 15. Bb1 b5 16. cxb5
axb5 17. a3 Qb6 18. Ne2 Nxe2+ 19. Qxe2 Qb7 20. Bc5 Rfe8 21. Ba2 Bf8 22. Bxf8
Rxf8 23. Bd5 b4 24. axb4 Qxb4 25. Bc4 Kg7 26. Kh1 {1/2-1/2 Fogarasi,T-Afek,Y/
Budapest GM-3 1996}) (14. Bb1 $5 Rc8 (14... d6 15. Bxd4 exd4 16. Ne2 Qc7 17. b3
Rae8 18. f3 f5 19. exf5 $16) (14... Re8 15. f4 $5 d6 16. Qf2 Rf8 17. f5 $40)
15. b3 b5 16. Bd3 $1) 14... Bc6 15. Bb1 b5 16. cxb5 (16. Bd3 $5) 16... axb5 17.
Bxd4 exd4 18. Ne2 d5 $1 (18... Re8 19. Nxd4 Bxe4 20. Bxe4 Rxe4 21. Nxb5 $16)
19. Nxd4 Bxd4 20. Qxd4 dxe4 21. Qc5 $5 (21. Bxe4 Qxd4 22. Rxd4 Bxe4 23. Rxe4
Rxa2 24. Rb4 Rd8 25. Rxb5 Rdd2 $11) 21... Qe8 22. Rfe1 (22. Rd6 $5) 22... Rc8
23. f3 $1 (23. Bxe4 Bxe4 24. Qb4 f5 25. f3 Rc2 26. fxe4 fxe4 27. Rxe4 (27. Qxe4
Qxe4 28. Rxe4 Rff2 29. Rg4 Rxa2 $11) 27... Qf7 $11) 23... f5 24. fxe4 fxe4 25.
Qd4 Rd8 $1 26. Qxd8 Qxd8 27. Rxd8 Rxd8 28. Bxe4 Bxe4 29. Rxe4 Rd2 30. a3 (30.
Rb4 Rxa2 31. Rxb5 Kg7 (31... Rb2 32. Rb7) 32. Rb7+ Kh6 $11) 30... Ra2 31. Rb4
Rxa3 32. Rxb5 Kg7 33. Rb7+ Kf6 34. Kf2 h6 $2 (34... Ra2+ 35. Kf3 Rb2 $11) 35.
Kf3 Ra1 $6 (35... Ra2 $5) 36. Rb6+ Kf7 37. Rd6 $1 Rb1 38. Rd3 Rb2 39. h4 Ke6 (
39... Kf6 40. Re3) 40. g3 Ke5 41. Kg4 Kf6 $6 (41... Ke4 $1 42. Rc3 (42. Rd6 h5+
43. Kg5 (43. Kh3 Kf5 $11) 43... Rxb3 44. Rxg6 Rxg3+ 45. Kxh5 Ra3 $11) 42... Kd4
(42... Rb1 43. h5 gxh5+ 44. Kxh5 Kd4 45. Rc4+ Kd5 46. Rb4 $16) 43. Rc4+ (43.
Rc6 h5+ 44. Kh3 Rxb3 45. Rxg6 Rb5 (45... Ke3 46. Rg5 Kf2 47. Kh2 $1 (47. Rf5+
Rf3) 47... Rf3 48. Rxh5 $18) 46. Rg5 Re5 $11) 43... Kd5 44. Rb4 $16) 42. Kf4
Rb1 43. Ke4 g5 (43... Ke6 44. Kd4 Kd6 45. Kc4+ Kc6 46. Rf3 $18) 44. hxg5+ Kxg5
45. Kd4 Kg4 46. Kc3 $1 $18 (46. Kc5 Rc1+ $1 47. Kd4 (47. Kb5 Rg1 48. b4 Rxg3
49. Rxg3+ Kxg3 50. Kc4 h5 51. b5 h4 52. b6 h3 53. b7 h2 54. b8=Q+ Kg2 $11)
47... Rb1) 46... h5 47. b4 Rc1+ 48. Kb2 (48. Kb2 Rc8 49. Kb3 Rb8 50. Re3 $1 Kh3
(50... Rb7 51. Kc4 Rc7+ 52. Kd5 Rb7 53. Kc5 Rc7+ 54. Kb6 $18) 51. Kc4 Rc8+ 52.
Kd5 Rd8+ 53. Kc5 Rc8+ 54. Kd6 Rb8 55. Rb3 Rg8 (55... Rxb4 56. Rxb4 Kxg3 57. Ke5
h4 58. Kf5 h3 59. Rb3+ Kh4 (59... Kg2 60. Kg4 h2 61. Rb2+ Kg1 62. Kg3 h1=N+ 63.
Kf3 $18) 60. Kf4 h2 61. Rb1 $18) 56. b5 Rxg3 57. Rxg3+ Kxg3 58. b6 h4 59. b7 h3
60. b8=Q h2 61. Qb7 $18) 1-0

[Event "Elgoibar 07th"]
[Site "Elgoibar"]
[Date "1997.12.31"]
[Round "5"]
[White "Lima, Darcy Gustavo Macha"]
[Black "Matamoros Franco, Carlos S"]
[Result "1-0"]
[WhiteElo "2475"]
[BlackElo "2470"]
[Annotator "Rodriguez,Am"]
[PlyCount "61"]
[EventDate "1997.11.26"]
[EventType "tourn"]
[EventRounds "9"]
[EventCountry "ESP"]
[EventCategory "10"]
[SourceTitle "CBM 063"]
[Source "ChessBase"]
[SourceDate "1998.03.26"]
[SourceVersion "1"]
[SourceVersionDate "1998.03.26"]
[SourceQuality "1"]

1. Nf3 {Tsesarsky} c5 2. c4 g6 3. d4 cxd4 4. Nxd4 Bg7 5. e4 Nc6 6. Be3 Nf6 7.
Nc3 Ng4 8. Qxg4 Nxd4 9. Qd1 e5 10. Nb5 O-O 11. Qd2 Qe7 {A modern approach} (
11... Qh4 12. Bd3 $14 d5 {Tsesarsky} 13. cxd5 Nxb5 14. Bxb5 Qxe4 15. O-O Rd8
16. Rfd1 Qf5 (16... Be6 17. f3 Qh4 (17... Qf5 18. Bd3 Rxd5 19. Bxf5 Rxd2 20.
Rxd2 Bxf5 21. Rc1 $16 {1-0 Arinbjorn Gunnarsson-Mossin,A/Reykjavik open 1994 
(30)}) 18. Bg5 Qh5 19. Bxd8 Rxd8 20. Qa5 {1-0 Joksic,S-Werner,D/Biel 1975}) 17.
Rac1 Bd7 18. Be2 e4 19. Rc7 $14 {1/2-1/2 Gufeld,E-Espig,L/Suhumi 1972 (35)})
12. f3 (12. O-O-O Nxb5 13. cxb5 $13 {1/2-1/2 Ribli,Z-Kasparov,G/Belfort WCup/
1988. After that many games went 13...d5! and 14...Rd8 with powerful
counterplay, so 12.f3 established itself as the stronger move.} d5 14. exd5 Rd8
15. d6 {Tsesarsky} Qe8 (15... Qe6 16. Kb1 Bf8 17. Bc5 (17. Qc3 Rxd6 $132 {
1-0 Nemeth,M-Fleger,H/Balatonbereny op 1996 (31)} (17... Bxd6 $5 18. Bc4 Qf5+
19. Bd3 $132)) 17... b6 18. Bb4 $14 {1/2-1/2 Lalic,B-Heim,S/EuClub Cup qual Gp
1997 (30)}) 16. Qb4 Be6 17. Kb1 Bf8 18. Be2 Rd7 19. Rd2 f5 20. Qa3 $16 (20. f4
e4 21. Qa3 $14 {Cao,S-Afek,Y/FSIM A Oct, Budapest HUN 1997/1-0 (107)})) (12.
Bd3 {Tsesarsky} Nxb5 (12... b6 13. O-O Nxb5 14. cxb5 Bb7 15. f3 d5 $11 {
0-1 Rouchouse,S-Afek,Y/18th op B, Cannes FRA 1997 (20)}) (12... d6 13. O-O Be6
14. Nxd4 exd4 15. Bh6 Bxh6 16. Qxh6 a6 17. b3 $14 {1-0 Plaskett,J-Rogers,I/
Skien Wch-jr 1979 (40)}) 13. cxb5 d6 14. O-O Be6 15. Rfc1 f5 16. f3 $11 {
1/2-1/2 Mozaliov,S-Nadyrhanov,S/Russian Cup 8th Leg, Smolensk RUS 1997 (23)})
12... Nxb5 (12... f5 13. Bd3 (13. Bg5 Qc5 14. b4 Qc6 15. exf5 gxf5 16. Nxd4
exd4 17. Bd3 d5 $13 18. c5 {Tsesarsky} Re8+ 19. Kf2 a5 $132 {1/2-1/2 Kerek,
K-Felegyhazi,L/Open, Cseppko HUN 1997 (36)}) 13... d6 14. Bg5 Bf6 15. Bxf6 Qxf6
16. Nxd4 exd4 17. O-O $16 {Yemelin-Silman/Budapest FS FebGM 1994}) 13. cxb5 d5
(13... d6 {Tsesarsky} 14. Bc4 Be6 15. Bxe6 fxe6 16. O-O d5 (16... Rad8 17. Bxa7
$16) (16... Rfd8 17. b6 axb6 18. Bxb6 Rd7 19. Rfd1 d5 20. a4 $14) 17. exd5 Rfd8
18. d6 $14) 14. exd5 Rd8 {Black´s reaction is thematic but White has not
castled queenside and that makes a big difference.} (14... Qd6 {Tsesarsky} 15.
Rc1 Rd8 16. Bc4 $14) 15. Rc1 (15. Rd1 $1 {is also to be considered} e4 {
Tsesarsky} 16. Be2 $1 (16. f4 $2 Bg4 17. Be2 Bxe2 18. Qxe2 (18. Kxe2 Qd7 19.
Qb4 a6 $17) 18... Qb4+ 19. Kf2 a6 20. b6 Qa5 $15) 16... exf3 (16... Bxb2 17. d6
Qe5 18. O-O Bc3 (18... Bf5 19. fxe4 $14) 19. Qc1 (19. Bd4 Bxd2 20. Bxe5 e3 21.
Rxd2 exd2 22. Rd1 Re8 23. f4 f6 24. Bc4+ Be6 25. d7 Bxc4 26. dxe8=Q+ Rxe8 27.
Bc3 Re1+ 28. Rxe1 dxe1=R+ 29. Bxe1 Bxa2 $15) 19... Bb4 20. Bf4 Qc5+ 21. Qxc5
Bxc5+ 22. Kh1 e3 23. a4 Be6 24. Rc1 Rac8 25. Rc3 $14) 17. Bxf3 Re8 18. Kf2 Bxb2
19. d6 Qe5 20. Bd4 Bxd4+ 21. Qxd4 Bd7 22. Qxe5 Rxe5 23. Bxb7 $16) 15... e4 (
15... Be6 16. Bc4 Rac8 17. O-O Rxc4 $2 18. Rxc4 Bxd5 19. Rd1 $18) 16. f4 (16.
Bg5 {Tsesarsky} f6 17. Be3 exf3 18. gxf3 Bh6 19. Rc3 Re8 20. Kf2 Bxe3+ 21. Rxe3
Qxe3+ 22. Qxe3 Rxe3 23. Kxe3 Bf5 24. Bd3 Re8+ 25. Kd4 Bxd3 26. Kxd3 Kf7 (26...
Re5 27. Kd4 Re2 28. Rc1 Rd2+ 29. Kc5 Rxb2 30. Kd6 $16) 27. Rc1 Re7 28. Kd4 Ke8
29. Rc8+ Kd7 30. Ra8 Re2 31. Rxa7 Kc7 $14) (16. Be2 {Tsesarsky} exf3 17. Bxf3
Re8 18. Kf2 Bxb2 19. Rc4 Be5 $15) 16... Be6 17. Bc4 Rac8 (17... Qh4+ $5 18. g3
Qh5 19. Rd1 (19. dxe6 Rxd2 20. exf7+ Kh8 21. Bxd2 e3 $1) 19... Rac8) (17... Rd7
{Tsesarsky} 18. O-O (18. dxe6 Rxd2 19. exf7+ Kh8 20. Bxd2 Bxb2 21. Ke2 Kg7 22.
Rc2 Rc8 $15) 18... Rad8 19. Rfd1 b6 (19... Bxd5 20. Bxd5 Rxd5 21. Qxd5 Rxd5 22.
Rxd5 Bxb2 23. Rc8+ Kg7 24. Bc5 $18) 20. b3 $1 (20. dxe6 $2 Rxd2 21. exf7+ Kf8
22. Bxd2 e3 23. Be1 $8 Bd4 24. Rd3 (24. Kh1 e2 25. Rd3) 24... e2+ 25. Kh1 Bc5 (
25... Qe4 26. Bb4+ Kg7 27. Rxd4 $18) 26. Rcc3 (26. Rxd8+ Qxd8 27. Bb3 (27. Bxe2
Qe7 28. Bf1 Qe3 29. Rxc5 bxc5 $19) 27... Qd4 28. Bg3 Qxb2 29. Re1 Bb4 30. f5 (
30. Rg1 Qc3 $19) 30... gxf5 $19) 26... Rxd3 27. Rxd3 Qe4 28. b3 (28. Rd8+ Kg7
$19) 28... Qxf4 29. Rd8+ Kg7 30. Bxe2 Qe3 31. f8=B+ Bxf8 $19) 20... Bg4 21. Rf1
Be6 22. Qe2 Bxd5 23. f5 Qe5 24. Qg4 $132) 18. O-O $16 Rxc4 (18... b6 {Tsesarsky
} 19. Bb3 $14) 19. Rxc4 Rxd5 (19... Bxd5 20. Rd1 $18 (20. Rd1 {Tsesarsky} b6
21. b4 $16)) 20. Qe2 (20. Qa5 {Tsesarsky} b6 (20... a6 21. Rxe4 Rxb5 22. Qa3
Qxa3 23. bxa3 Rb2 24. Rd1 h5 25. Rd2 $16) 21. Qb4 Qxb4 22. Rxb4 f5 23. a4 $16)
20... Qd7 (20... Rxb5 {Tsesarsky} 21. Rc8+ (21. Rc2 a6 22. Rfc1 h5 $14) 21...
Bxc8 22. Qxb5 b6 23. b3 h5 $14) 21. Re1 (21. b6 {Tsesarsky} axb6 (21... Bg4 22.
bxa7 Bxe2 23. a8=Q+ Bf8 24. Rc8 $18) 22. Re1 (22. Rxe4 $2 Bf5 23. Bxb6 Bxe4 24.
Qxe4 Bxb2 $11) 22... f5 23. a3 $14) 21... h5 (21... Rxb5 $1 {Tsesarsky} 22.
Rc8+ Qxc8 (22... Bf8 $14) 23. Qxb5 a6 24. Qb4 f5 $132) 22. Rxe4 $18 (22. b6 $1
{Tsesarsky} axb6 23. Rxe4 $18) 22... Bg4 (22... Rxb5 $5 {Tsesarsky} 23. b3 Rd5
24. Rc4 (24. Bxa7 Rd2 25. Qe3 Rxa2 $16) 24... b5 25. Rc5 $18) 23. Qf2 (23. Qc4
{Tsesarsky} Rxb5 24. Bxa7 $18) 23... Rxb5 (23... Bf5 {Tsesarsky} 24. Rc4 Rxb5
25. b3 Rd5 26. Rcc1 $18) 24. b3 Rd5 25. Rc4 (25. Bxa7 {Tsesarsky} Rd2 26. Qg3
Rxa2 27. Re7 Qd6 28. Bf2 b5 29. Rb7 Bd7 30. Ra7 Rxa7 31. Bxa7 Be6 $16) 25...
Rd3 (25... b5 {Tsesarsky} 26. Rc5 Rd6 27. Rcc1 a5 28. Qc2 $16) 26. h3 (26. Qc2
{Tsesarsky} b6 27. Rc7 Qd6 28. Bc1 Bf5 29. Rxa7 Bc3 30. Rf1 Qc5+ 31. Kh1 Rd2
32. Qxd2 Bxd2 33. Bxd2 $14) 26... Bf5 27. Kh2 (27. Rec1 $18 {Tsesarsky}) 27...
Bf6 (27... b5 $1 {Tsesarsky} 28. Rcc1 (28. Rc2 Bc3 29. Rec1 b4 30. Re2 a5 $16)
28... Bc3 29. Re2 a5 $1 30. Rec2 b4 31. Re2 Be6 (31... Qd5 32. Bb6 Kh7 33. Qc5
$16) 32. Qf3 Bd5 33. Qg3 Qf5 $14) 28. Rc2 Bd4 (28... Rxe3 {Tsesarsky} 29. Rxe3
Bxc2 30. Qxc2 $18) (28... b5 {Tsesarsky} 29. Rd2 $18) 29. Bxd4 Rxd4 30. Rc8+
Kg7 31. Qb2 1-0